00481nam a2200181 a 4500001001300000003000900013005001700022008004100039020001000080082001300090100002200103245006600125260002900191300000900220500003500229650001300264700002200277nice12345678IN_TiNIC20260116015400.0120620s2012 bana grp 000 0 eng  ac10000a266bRAJ aRajkumar, Vincent aTheologizing in India Todayb Interpreting the Signs of Times aBangalore bCISRS c2012 a308p aincludes index and biblioraphy aMissions1 aRajkumar, Vincent